000
00307nam a22001337a 4500
008
250311b |||||||| |||| 00| 0 eng d
020
_a
9781950968756
050
_a
TT835
_b
.C37
100
_a
Curye Amanda
245
_a
Quilt Your Own Adventure
260
_b
Paige Tate
_c
2023
300
_a
172p
942
_c
BK
999
_c
2254
_d
2254